Fundamentos de antropología forense : técnicas de prospección, exhumación y análisis de restos óseos en casos forenses /

Gespeichert in:
Bibliographische Detailangaben
1. Verfasser: Lara Barajas, Israel D. (autor)
Weitere Verfasser: Talavera González, Arturo (prólogo) (prólogo)
Format: Buch
Sprache:Spanisch
Veröffentlicht: México : INAH, 2009, c2009
Ausgabe:3a edición
Schriftenreihe:(Colección Científica INAH ; Arqueología) 543.
Schlagworte:
Tags: Tag hinzufügen
Keine Tags, Fügen Sie das erste Tag hinzu!

MARC

LEADER 00000nam^a2200000^a^4500
001 000334205
005 20250521000000.0
009 20260310114153.434
020 |a 978-968-03-0380-9 
037 |a Acervo ITESO - Biblioteca 
041 |a ESP 
082 |a 364. 2  |b LAR 
100 |a Lara Barajas, Israel D.  |e (autor) 
245 1 0 |a Fundamentos de antropología forense :  |b técnicas de prospección, exhumación y análisis de restos óseos en casos forenses /  |c I.D. Lara Barajas ; pról. de A. Talavera González. 
250 |a 3a edición 
264 4 |a México :  |b INAH,  |c 2009, c2009 
300 |a 117 p. 
336 |a texto  |b txt  |2 rdacontenido 
337 |a sin mediación  |b n  |2 rdamedio 
338 |a volumen  |b nc  |2 rdasoporte 
440 1 |a (Colección Científica INAH ;  |v 543.  |p Arqueología) 
649 |a XX 
650 |a Exhumación 
650 |a Craneología 
650 |a Antropometría Forense 
650 |a Antropología Criminal -  |x Tema Principal 
650 |a Antropología Física 
650 |a Criminología 
650 |a Medicina Legal 
650 |a Ciencias Forenses 
700 |a Talavera González, Arturo  |e (prólogo) 
910 |a Fondo General 
920 |a Impresos - Libros 
930 |a Colección General 
905 |a 101 
901 |a 0500223829  |b IT1  |c ACC  |i C134282  |u 20250521 
902 |a https://opac.biblio.iteso.mx/vufind/Record/000334205